000 00516pab a2200169 454500
008 180718b2009 xxu||||| |||| 00| 0 eng d
100 _aGupta, Sanjay
245 _aIndo-French relations in the post-cold war period: transformation from commercial to strategic partnership
260 _c2009
300 _ap.1178-199.
362 _aOct-Dec
650 _aIndia - Foreign relations - France
650 _aInternational relations
773 _aIndian Journal of Political Science
908 _aN
909 _a86630
999 _c86630
_d86630